000 00365nam a2200145Ia 4500
008 230917s9999||||xx |||||||||||||| ||und||
040 _e64895
_aMAIN
041 _aEnglish
082 _a519.5 P974N
100 _aHollander, Myles
245 0 _aNon parametric statistical methods
260 _aNew York
_bJohn Wiley
_c1973
300 _axiii, 504 p.
942 _cBK
999 _c209522
_d209522